[Event "M.Botvinnik Memorial 2012"]
[Site "St. Petersburg, Russia"]
[Date "2012.08.30"]
[Round "6.35"]
[White "Palachev, Petr"]
[Black "Cherniaev, Alexander"]
[Result "1/2-1/2"]
[WhiteElo "2290"]
[BlackElo "2486"]
[PlyCount "86"]
[EventDate "2012.08.25"]

1. d4 g6 2. c4 Bg7 3. Nf3 d6 4. e4 Nd7 5. Be2 e5 6. Nc3 Ngf6 7. O-O O-O 8. Re1
Nh5 9. Be3 Nf4 10. Bf1 c5 11. dxe5 dxe5 12. Nd5 Ne6 13. Qd2 Nb8 14. b4 cxb4 15.
Qxb4 Nc6 16. Qd2 f5 17. exf5 gxf5 18. Bh6 Bxh6 19. Qxh6 e4 20. Nd2 Qg5 21.
Qxg5+ Nxg5 22. Rab1 Rf7 23. h4 Ne6 24. f3 exf3 25. Nxf3 Kf8 26. Rb2 Nc5 27. Ng5
Rd7 28. Nf6 Rd8 29. Rbe2 Bd7 30. Ngxh7+ Kg7 31. Nxd7 Rxd7 32. Ng5 Rh8 33. Rf2
Rxh4 34. Rxf5 b6 35. Ne6+ Nxe6 36. Rxe6 Nd4 37. Rg5+ Kf7 38. Re3 Kf6 39. Rg8
Kf7 40. Ree8 Ne6 41. Ra8 Rd1 42. Rg3 Nd4 43. Rgg8 Ne6 1/2-1/2

[Event "M.Botvinnik Memorial 2012"]
[Site "St. Petersburg, Russia"]
[Date "2012.08.30"]
[Round "6.36"]
[White "Pashinsky, Mikhail"]
[Black "Tunik, Gennady"]
[Result "0-1"]
[WhiteElo "2220"]
[BlackElo "2456"]
[PlyCount "126"]
[EventDate "2012.08.25"]

1. e4 c5 2. Nc3 Nc6 3. Bb5 Nd4 4. Bc4 e6 5. Nf3 Nf6 6. O-O a6 7. e5 d5 8. exf6
dxc4 9. fxg7 Bxg7 10. d3 cxd3 11. Qxd3 Bd7 12. Nxd4 cxd4 13. Qg3 O-O 14. Ne4
Kh8 15. Bf4 Bc6 16. Rfe1 Qd5 17. Bd6 Rg8 18. Be7 Be5 19. Qh4 Rg6 20. c4 Qa5 21.
Ng5 Rg7 22. Qh5 Kg8 23. Ne4 Bxe4 24. Rxe4 f5 25. Bb4 Qc7 26. Ree1 Qc6 27. g3
Bf6 28. b3 Rg6 29. Rad1 Kg7 30. Bd2 Re8 31. Bc1 Qd7 32. f4 b5 33. cxb5 axb5 34.
Qf3 Rc8 35. Bb2 Kf7 36. Rd3 Rgg8 37. Qh5+ Kg7 38. Red1 Rgd8 39. R1d2 Qa7 40. g4
fxg4 41. Qxg4+ Kh8 42. Qxe6 Bg7 43. f5 Re8 44. Qd5 Qe7 45. Qf3 Bf6 46. Rd1 Rc2
47. Bxd4 Rxa2 48. Bxf6+ Qxf6 49. Kh1 Qh4 50. Qg3 Qe4+ 51. Qf3 Qe1+ 52. Qf1 Qh4
53. Rh3 Qe4+ 54. Qf3 Qe1+ 55. Qf1 Qe4+ 56. Rf3 Qc2 57. Qg1 Qe4 58. Rdf1 Rg8 59.
Qe3 Rgg2 60. Qc3+ Kg8 61. Rg1 Rxg1+ 62. Kxg1 Kf7 63. Rg3 Qb1+ 0-1

[Event "M.Botvinnik Memorial 2012"]
[Site "St. Petersburg, Russia"]
[Date "2012.08.30"]
[Round "6.37"]
[White "Tkachev, Ivan"]
[Black "Kopylov, Alexander A"]
[Result "0-1"]
[WhiteElo "2117"]
[BlackElo "2449"]
[PlyCount "100"]
[EventDate "2012.08.25"]

1. d4 e6 2. Nf3 c5 3. c3 Nc6 4. e4 d5 5. exd5 Qxd5 6. Be3 cxd4 7. Nxd4 Nxd4 8.
Qxd4 Qxd4 9. Bxd4 Bd7 10. Be2 Ne7 11. Bc5 Bc6 12. O-O Ng6 13. Bxf8 Rxf8 14. Rd1
Ke7 15. Na3 Rfd8 16. f3 Nf4 17. Kf2 e5 18. g3 Nxe2 19. Kxe2 g5 20. Ke3 Ke6 21.
Nc4 Bd5 22. Nd2 f5 23. f4 exf4+ 24. gxf4 g4 25. Nf1 h5 26. Kf2 h4 27. Rd4 Be4
28. Rad1 Rxd4 29. Rxd4 Rg8 30. a3 Ke7 31. b4 b5 32. c4 bxc4 33. Rxc4 Kd6 34.
Rc5 Rg7 35. Ne3 Ke6 36. Re5+ Kf6 37. Nd5+ Bxd5 38. Rxd5 Rc7 39. Rd6+ Ke7 40.
Ra6 h3 41. Ke3 Rc2 42. Rxa7+ Kd6 43. Ra6+ Kc7 44. Ra5 Rxh2 45. Rxf5 Ra2 46. Rh5
h2 47. Ke4 Rf2 48. Rc5+ Kb6 49. Rc1 g3 50. Ke3 Ra2 0-1

[Event "M.Botvinnik Memorial 2012"]
[Site "St. Petersburg, Russia"]
[Date "2012.08.30"]
[Round "6.38"]
[White "Arslanov, Shamil"]
[Black "Khakimov, Timur"]
[Result "1-0"]
[WhiteElo "2416"]
[BlackElo "2298"]
[PlyCount "47"]
[EventDate "2012.08.25"]

1. e4 e5 2. Nf3 Nc6 3. d4 exd4 4. Nxd4 Bb4+ 5. c3 Be7 6. Nxc6 bxc6 7. Bd3 d6 8.
c4 Nf6 9. Nc3 O-O 10. O-O Be6 11. f4 d5 12. cxd5 cxd5 13. e5 Bc5+ 14. Kh1 Ng4
15. f5 Qh4 16. Bf4 Bd7 17. Bg3 Qg5 18. h4 Qe3 19. Qxg4 Qxd3 20. Rad1 Qc2 21.
Nxd5 Bb5 22. Rfe1 Bf2 23. f6 g6 24. Qf4 1-0

[Event "M.Botvinnik Memorial 2012"]
[Site "St. Petersburg, Russia"]
[Date "2012.08.30"]
[Round "6.39"]
[White "Bodnaruk, Anastasia"]
[Black "Dotsenko, Sergey"]
[Result "1-0"]
[WhiteElo "2414"]
[BlackElo "2188"]
[PlyCount "49"]
[EventDate "2012.08.25"]

1. e4 e5 2. Nf3 Nc6 3. Bb5 a6 4. Ba4 Nf6 5. O-O Be7 6. Re1 b5 7. Bb3 O-O 8. a4
Bb7 9. d3 d5 10. exd5 Nxd5 11. c3 Bf6 12. Bc2 Re8 13. Nbd2 g6 14. Ne4 Bg7 15.
Nc5 Rb8 16. Nxb7 Rxb7 17. axb5 axb5 18. Bb3 b4 19. Ng5 Rf8 20. Qf3 bxc3 21.
Bxd5 e4 22. Qh3 h6 23. Bxc6 Rb6 24. Nxe4 Rxc6 25. Nxc3 1-0

[Event "M.Botvinnik Memorial 2012"]
[Site "St. Petersburg, Russia"]
[Date "2012.08.30"]
[Round "6.40"]
[White "Tseitlin, Mark D"]
[Black "Puraev, Artemiy"]
[Result "1-0"]
[WhiteElo "2396"]
[BlackElo "2183"]
[PlyCount "129"]
[EventDate "2012.08.25"]

1. e4 e6 2. d4 d5 3. Nd2 Be7 4. Ngf3 Nf6 5. e5 Nfd7 6. c3 c5 7. Bd3 Nc6 8. O-O
g5 9. dxc5 g4 10. Nd4 Ndxe5 11. Bb5 Bd7 12. b4 Nxd4 13. Bxd7+ Qxd7 14. cxd4 Nc6
15. Qxg4 Nxb4 16. Nf3 Nc6 17. Bf4 O-O-O 18. Bg3 Rhg8 19. Qf4 f6 20. Rfe1 Rde8
21. Rab1 Bd8 22. Re3 Rgf8 23. Reb3 e5 24. Qd2 Rf7 25. h3 e4 26. Ne1 f5 27. Nc2
Ba5 28. Qe3 Bc7 29. Bxc7 Qxc7 30. Nb4 f4 31. Qd2 Nxb4 32. Qxb4 f3 33. c6 b6 34.
Qb5 Rg8 35. g4 Rg5 36. Qa6+ Kd8 37. Rxb6 axb6 38. Rxb6 Qc8 39. Qb5 e3 40. Rb8
Rc7 41. Rxc8+ Kxc8 42. fxe3 Rg6 43. Kf2 Rgxc6 44. Kxf3 Rf6+ 45. Ke2 Rd6 46. a4
Rcc6 47. g5 Rb6 48. Qd3 Rb7 49. Qf5+ Rbd7 50. h4 Kc7 51. Qe5 Kb6 52. h5 Ka5 53.
Qe8 Kxa4 54. Kf3 Ka5 55. Kg4 Rc7 56. Kf5 Kb6 57. Ke5 Rcd7 58. Qc8 Rc7 59. Qb8+
Kc6 60. Qa8+ Kd7 61. Qb8 Re6+ 62. Kxd5 Rxe3 63. g6 hxg6 64. hxg6 Re1 65. g7 1-0

[Event "M.Botvinnik Memorial 2012"]
[Site "St. Petersburg, Russia"]
[Date "2012.08.30"]
[Round "6.41"]
[White "Rozhko, Dmitry"]
[Black "Gladkov, Kirill"]
[Result "1-0"]
[WhiteElo "2388"]
[BlackElo "2158"]
[PlyCount "95"]
[EventDate "2012.08.25"]

1. d4 Nf6 2. Nf3 c5 3. c3 e6 4. Bf4 Nc6 5. e3 Be7 6. h3 b6 7. Nbd2 Bb7 8. Be2
d5 9. O-O O-O 10. a4 Rc8 11. Ne5 Nxe5 12. Bxe5 Nd7 13. Bg3 Bf6 14. a5 e5 15.
axb6 axb6 16. Ra7 Bc6 17. Bg4 cxd4 18. exd4 exd4 19. cxd4 Bxd4 20. Nc4 Bf6 21.
Ne3 d4 22. Nd5 Ra8 23. Rc7 Rc8 24. Nxf6+ gxf6 25. Rxc8 Qxc8 26. Qxd4 Qb7 27.
Rd1 Ne5 28. Bxe5 fxe5 29. Qxe5 f6 30. Be6+ Kh8 31. Qd6 Qa8 32. Qe7 Qe8 33. Qxe8
Bxe8 34. Rd8 Kg7 35. Rb8 b5 36. b4 f5 37. f4 Kf6 38. Bd7 Ke7 39. Bxe8 Rxe8 40.
Rxe8+ Kxe8 41. g4 Ke7 42. g5 Kf7 43. Kf2 Kg6 44. Ke3 Kh5 45. Kd4 Kh4 46. Ke5
Kxh3 47. Kxf5 Kg3 48. Ke5 1-0

[Event "M.Botvinnik Memorial 2012"]
[Site "St. Petersburg, Russia"]
[Date "2012.08.30"]
[Round "6.42"]
[White "Bogachkov, Igor"]
[Black "Opanasenko, Mikhail"]
[Result "1-0"]
[WhiteElo "2356"]
[BlackElo "2016"]
[PlyCount "61"]
[EventDate "2012.08.25"]

1. g3 d5 2. Bg2 c5 3. d3 g6 4. Nf3 Bg7 5. O-O e5 6. Nc3 Ne7 7. e4 d4 8. Ne2 O-O
9. Nh4 Nbc6 10. f4 f6 11. Nf3 b5 12. a4 Ba6 13. fxe5 fxe5 14. Bh3 h6 15. axb5
Bxb5 16. Be6+ Kh7 17. b3 Qd6 18. Bc4 Bxc4 19. bxc4 Rf7 20. Ng5+ hxg5 21. Rxf7
Kg8 22. Rf2 g4 23. Bg5 Nd8 24. Nc1 Nf7 25. Bxe7 Qxe7 26. Qxg4 Qd6 27. Nb3 Bh6
28. Kg2 Be3 29. Rff1 Nh6 30. Qf3 Kg7 31. Ra5 1-0

[Event "M.Botvinnik Memorial 2012"]
[Site "St. Petersburg, Russia"]
[Date "2012.08.30"]
[Round "6.43"]
[White "Zimmermann, Ulrich"]
[Black "Krivenko, Sergey"]
[Result "0-1"]
[WhiteElo "2219"]
[BlackElo "2347"]
[PlyCount "88"]
[EventDate "2012.08.25"]

1. c4 Nf6 2. Nc3 d5 3. cxd5 Nxd5 4. g3 Nb6 5. Bg2 g6 6. d3 Bg7 7. Be3 O-O 8.
Qd2 Re8 9. h4 h5 10. Bh6 Bh8 11. g4 Bxg4 12. Bxb7 N8d7 13. f3 Bf5 14. Bxa8 Qxa8
15. Nh3 Nc5 16. Nf2 Rd8 17. Qc2 Kh7 18. Be3 Rxd3 19. exd3 Nxd3+ 20. Nxd3 Qxf3
21. Rf1 Qxe3+ 22. Qe2 Qg3+ 23. Rf2 Bxd3 24. Qf3 Qe5+ 25. Kd2 Bf5 26. Re1 Nc4+
27. Kd1 Qd4+ 28. Kc1 Ne5 29. Rxe5 Bxe5 30. Rf1 Qxh4 31. Qd5 Bf4+ 32. Kd1 Qg4+
33. Ne2 Be6 34. Qd4 Bd6 35. Qxa7 Qe4 36. Qd4 Qb1+ 37. Nc1 Bxa2 38. Kd2 Be6 39.
Rf2 Bf5 40. Qc3 Qe4 41. Nd3 Qxd3+ 42. Qxd3 Bxd3 43. Kxd3 f5 44. Ke3 Bc5+ 0-1

[Event "M.Botvinnik Memorial 2012"]
[Site "St. Petersburg, Russia"]
[Date "2012.08.30"]
[Round "6.44"]
[White "Zenzera, Alexey"]
[Black "Belov, Nikita"]
[Result "1-0"]
[WhiteElo "2331"]
[BlackElo "1992"]
[PlyCount "87"]
[EventDate "2012.08.25"]

1. d4 Nf6 2. c4 g6 3. Nc3 Bg7 4. e4 d6 5. Nf3 O-O 6. Be2 e5 7. O-O Nc6 8. d5
Ne7 9. b4 Nd7 10. c5 f5 11. Ng5 Nf6 12. Bc4 h6 13. Ne6 Bxe6 14. dxe6 fxe4 15.
cxd6 Qxd6 16. Qe2 c6 17. Nxe4 Nxe4 18. Qxe4 Qd4 19. Qxd4 exd4 20. b5 c5 21. a4
Rad8 22. Ra3 Kh7 23. g4 Rde8 24. f4 Nc8 25. Bd5 Nb6 26. Ba2 Rf6 27. f5 gxf5 28.
gxf5 Bf8 29. a5 Nc8 30. Rh3 Bd6 31. Kh1 Rg8 32. Rh5 Ne7 33. Rf3 Rg4 34. Rfh3
Bf4 35. Ba3 b6 36. Bb1 Nd5 37. R5h4 Rxh4 38. Rxh4 Bg5 39. Rg4 Bd2 40. Be4 Ne7
41. Bxc5 bxc5 42. b6 axb6 43. a6 h5 44. Rg2 1-0

[Event "M.Botvinnik Memorial 2012"]
[Site "St. Petersburg, Russia"]
[Date "2012.08.30"]
[Round "6.45"]
[White "Rupel, David G"]
[Black "Pasiev, Rakhim"]
[Result "0-1"]
[WhiteElo "2100"]
[BlackElo "2325"]
[PlyCount "159"]
[EventDate "2012.08.25"]

1. d4 d5 2. Nf3 Nc6 3. c3 Bg4 4. Qb3 Rb8 5. g3 e6 6. Bg2 Bd6 7. O-O Nf6 8. Bg5
h6 9. Bxf6 Qxf6 10. Nbd2 O-O 11. e4 dxe4 12. Nxe4 Qd8 13. Rfe1 Ne7 14. Ne5 Bf5
15. Rad1 c6 16. Nxd6 Qxd6 17. Nc4 Qc7 18. Ne3 Bg6 19. Nc4 Rbd8 20. Ne5 Bf5 21.
h3 b6 22. c4 Rd6 23. c5 bxc5 24. dxc5 Rxd1 25. Qxd1 Qa5 26. g4 Bg6 27. a3 Rd8
28. Qc1 Qb5 29. b4 Qa4 30. Qb2 Bh7 31. Qe2 Bg6 32. Qe3 a5 33. Qc3 axb4 34. Qxb4
Qc2 35. Nxg6 Qxg6 36. Qb6 Rd2 37. Qb8+ Kh7 38. Qf4 Rd7 39. Be4 f5 40. Bc2 Rd5
41. Bb3 e5 42. Rxe5 Rxe5 43. Qxe5 fxg4 44. hxg4 Qxg4+ 45. Kf1 Qh3+ 46. Ke1 Qxb3
47. Qxe7 Qb1+ 48. Ke2 Qa2+ 49. Kf1 Qc4+ 50. Ke1 h5 51. Qg5 Qe4+ 52. Qe3 Qb1+
53. Ke2 h4 54. Qf4 Qc2+ 55. Kf1 Qd1+ 56. Kg2 Qd5+ 57. Kh2 g5 58. Qc7+ Kg6 59.
Qe7 Kf5 60. a4 Qa2 61. Qh7+ Ke5 62. Qc7+ Kd4 63. Qd6+ Kc3 64. Qe5+ Kb4 65. Qd4+
Ka5 66. Kg1 Qd5 67. Qh8 Kxa4 68. Qa1+ Kb5 69. Qb2+ Kxc5 70. Qc1+ Kd6 71. Qa3+
c5 72. Qa6+ Ke5 73. Qe2+ Qe4 74. Qb2+ Kf5 75. Qb5 Qg4+ 76. Kh2 Qd4 77. Qb1+ Ke5
78. Qe1+ Kd5 79. Qh1+ Kd6 80. Qe1 0-1

[Event "M.Botvinnik Memorial 2012"]
[Site "St. Petersburg, Russia"]
[Date "2012.08.30"]
[Round "6.46"]
[White "Panov, Ivan"]
[Black "Khatoev, Eduard"]
[Result "0-1"]
[WhiteElo "2033"]
[BlackElo "2322"]
[PlyCount "42"]
[EventDate "2012.08.25"]

1. e4 e6 2. Nf3 d5 3. Nc3 Nf6 4. e5 Nfd7 5. d4 c5 6. dxc5 Nc6 7. Bf4 Bxc5 8.
Bd3 f6 9. exf6 Qxf6 10. Bg3 O-O 11. O-O Nd4 12. Nxd4 Bxd4 13. Qe2 a6 14. Rad1
Nc5 15. Bd6 Bd7 16. Bxf8 Rxf8 17. b4 Nxd3 18. Rxd3 Bxc3 19. Rf3 Qd4 20. Rd1
Qxb4 21. Rxf8+ Qxf8 0-1

[Event "M.Botvinnik Memorial 2012"]
[Site "St. Petersburg, Russia"]
[Date "2012.08.30"]
[Round "6.47"]
[White "Sichinava, Zviad"]
[Black "Klevets, Ksenia"]
[Result "1-0"]
[WhiteElo "2322"]
[BlackElo "1831"]
[PlyCount "121"]
[EventDate "2012.08.25"]

1. Nf3 Nf6 2. g3 d5 3. Bg2 c6 4. O-O Bf5 5. d3 e6 6. Nbd2 Be7 7. Qe1 O-O 8. e4
Bg6 9. Qe2 h6 10. Re1 a5 11. h4 Na6 12. e5 Nd7 13. Nf1 c5 14. Bf4 Rb8 15. Ne3
b5 16. Nxd5 exd5 17. e6 Rb6 18. exd7 Bf6 19. Ne5 Bxe5 20. Qxe5 Qxd7 21. Bd2 Nb4
22. Bxb4 cxb4 23. Bxd5 Rd6 24. Bg2 Bf5 25. Re2 Be6 26. a4 bxa3 27. bxa3 Bd5 28.
Rae1 Bxg2 29. Kxg2 Qc6+ 30. Qe4 Qxe4+ 31. Rxe4 Rc6 32. Re5 Rb8 33. c4 bxc4 34.
dxc4 Rxc4 35. Rxa5 Rc6 36. Ra7 Rf6 37. Re2 Rbb6 38. Ra8+ Kh7 39. a4 Kg6 40. a5
Ra6 41. Rxa6 Rxa6 42. Re5 Rc6 43. Re1 Kf5 44. Kf3 Ra6 45. Ra1 h5 46. Ke3 Ke5
47. Kd3 Kd5 48. Kc3 Kc5 49. Ra2 f6 50. f4 Kb5 51. Kd4 Rd6+ 52. Ke4 Ka6 53. Ra3
g6 54. f5 gxf5+ 55. Kxf5 Rd4 56. Kg6 Rd5 57. Kxf6 Rc5 58. Kg6 Rb5 59. Rf3 Rxa5
60. Rf5 Ra3 61. Rg5 1-0

[Event "M.Botvinnik Memorial 2012"]
[Site "St. Petersburg, Russia"]
[Date "2012.08.30"]
[Round "6.48"]
[White "Tselkovskiy, Kirill"]
[Black "Barhudarian, Rafael"]
[Result "1/2-1/2"]
[WhiteElo "1991"]
[BlackElo "2320"]
[PlyCount "50"]
[EventDate "2012.08.25"]

1. e4 c5 2. Nf3 g6 3. d4 Bg7 4. dxc5 Qa5+ 5. c3 Qxc5 6. Na3 Nf6 7. e5 Ng4 8.
Qd4 d6 9. Nb5 Na6 10. Bf4 O-O 11. Bc4 Be6 12. Bxe6 fxe6 13. Bg3 Rf5 14. O-O-O
Nxe5 15. Nxe5 Bxe5 16. Bxe5 Rxe5 17. Rhe1 Rxe1 18. Rxe1 Kf7 19. b3 Rf8 20. f3
Rb8 21. a4 Ra8 22. Na3 Rb8 23. Nb5 Ra8 24. Na3 Rb8 25. Nb5 Ra8 1/2-1/2

[Event "M.Botvinnik Memorial 2012"]
[Site "St. Petersburg, Russia"]
[Date "2012.08.30"]
[Round "6.49"]
[White "Gavrilov, Alexei"]
[Black "Suslova, Alena"]
[Result "1-0"]
[WhiteElo "2496"]
[BlackElo "2196"]
[PlyCount "99"]
[EventDate "2012.08.25"]

1. e4 c5 2. Nf3 d6 3. d4 cxd4 4. Nxd4 Nf6 5. f3 e5 6. Nb3 d5 7. Bg5 Be6 8. Bxf6
gxf6 9. exd5 Qxd5 10. Qxd5 Bxd5 11. Nc3 Be6 12. O-O-O Bh6+ 13. Kb1 Ke7 14. Nd5+
Bxd5 15. Rxd5 Be3 16. Bd3 Nc6 17. Bf5 Rad8 18. Rxd8 Nxd8 19. Rd1 Ne6 20. Na5
Bb6 21. Nxb7 Rb8 22. Be4 f5 23. Bc6 Nd4 24. Bd5 f4 25. a4 Rg8 26. a5 Bc7 27. c3
Nf5 28. Bc6 Nd6 29. Nxd6 Bxd6 30. Rd2 Rc8 31. Be4 h6 32. Kc2 Ke6 33. Bd5+ Ke7
34. Be4 f6 35. Bf5 Rc7 36. Kd3 Bc5 37. b4 Bg1 38. h3 Rb7 39. Kc4 Be3 40. Rd3
Bf2 41. Kd5 Rc7 42. c4 Be1 43. Rb3 Rb7 44. b5 Bxa5 45. c5 Ke8 46. b6 axb6 47.
Kc6 Rb8 48. cxb6 Rd8 49. b7 Rb8 50. Ra3 1-0

[Event "M.Botvinnik Memorial 2012"]
[Site "St. Petersburg, Russia"]
[Date "2012.08.30"]
[Round "6.50"]
[White "Bezgodova, Maria"]
[Black "Matsenko, Sergei"]
[Result "0-1"]
[WhiteElo "2206"]
[BlackElo "2468"]
[PlyCount "60"]
[EventDate "2012.08.25"]

1. e4 a6 2. d4 b5 3. a4 b4 4. Bd3 e6 5. Nf3 Bb7 6. O-O Nf6 7. Re1 Be7 8. e5 Nd5
9. Be4 Nc6 10. Nbd2 Na5 11. Nf1 O-O 12. Qe2 f5 13. exf6 Nxf6 14. Bxb7 Nxb7 15.
Ng3 Nd6 16. Ne5 Nf7 17. Nd3 a5 18. c3 bxc3 19. bxc3 Qc8 20. Bd2 Qa6 21. Nb2 c5
22. dxc5 Bxc5 23. Nd3 Ba7 24. Rab1 Qc4 25. Nb2 Qh4 26. Be3 Bxe3 27. fxe3 Ng4
28. Nf1 Nfe5 29. Nd3 Nxd3 30. Qxd3 Rxf1+ 0-1

[Event "M.Botvinnik Memorial 2012"]
[Site "St. Petersburg, Russia"]
[Date "2012.08.30"]
[Round "6.51"]
[White "Lupik, Marina"]
[Black "Smirnov, Alexey"]
[Result "0-1"]
[WhiteElo "2197"]
[BlackElo "2416"]
[PlyCount "78"]
[EventDate "2012.08.25"]

1. e4 c5 2. c3 Nf6 3. e5 Nd5 4. d4 cxd4 5. Qxd4 e6 6. Nf3 Nc6 7. Qe4 f5 8. Qe2
b6 9. g3 Be7 10. Bg2 O-O 11. O-O a5 12. c4 Ba6 13. b3 a4 14. Qd1 axb3 15. cxd5
Bxf1 16. Bxf1 Rxa2 17. Qxb3 Rxa1 18. dxc6 dxc6 19. Bd2 Qd5 20. Qxd5 exd5 21.
Bd3 Rfa8 22. Kg2 g6 23. Nd4 Rc8 24. Nb3 Ra7 25. Be3 c5 26. Bb5 Kf7 27. Bd2 Ke6
28. f4 Ra2 29. Nc3 Rb2 30. Ba4 Ra8 31. Bc6 Rd8 32. Ba4 Ra8 33. Bc6 Ra3 34. Nxd5
Bd8 35. Ne3 Raxb3 36. Bd5+ Ke7 37. Bxb3 Rxb3 38. Kf2 Ke6 39. Ke2 b5 0-1

[Event "M.Botvinnik Memorial 2012"]
[Site "St. Petersburg, Russia"]
[Date "2012.08.30"]
[Round "6.52"]
[White "Palchun, Grigory"]
[Black "Akkozov, Berik"]
[Result "1-0"]
[WhiteElo "2189"]
[BlackElo "2401"]
[PlyCount "91"]
[EventDate "2012.08.25"]

1. e4 c5 2. Nc3 Nc6 3. g3 e6 4. Bg2 Nf6 5. d3 Be7 6. f4 d5 7. e5 Nd7 8. Nf3 Rb8
9. O-O b5 10. a3 a5 11. Ne2 d4 12. g4 Bb7 13. Ng3 c4 14. Qe2 cxd3 15. cxd3 Qc7
16. Bd2 Nc5 17. f5 Nb3 18. Rae1 Nd8 19. Nh5 Rg8 20. Bf4 g6 21. Ng3 g5 22. Bc1
Rc8 23. f6 Bf8 24. Ne4 Qc2 25. Nfd2 Kd7 26. Nxb3 Qxb3 27. Bd2 Rc2 28. Rc1 Rxb2
29. Nc5+ Bxc5 30. Rxc5 Nc6 31. Rfc1 Rc8 32. Bxc6+ Bxc6 33. Qg2 Bxg2 34. Rxc8
Qc4 35. dxc4 Kxc8 36. cxb5+ Kb8 37. Bxa5 Rxb5 38. Bc7+ Kb7 39. Kxg2 Rb2+ 40.
Kf3 d3 41. Bd6 Rxh2 42. Ke3 Rh3+ 43. Kd2 Kb6 44. Rc3 h5 45. gxh5 Rxh5 46. Rc4
1-0

[Event "M.Botvinnik Memorial 2012"]
[Site "St. Petersburg, Russia"]
[Date "2012.08.30"]
[Round "6.53"]
[White "Romanko, Marina"]
[Black "Vardanian, Hamazasp"]
[Result "1-0"]
[WhiteElo "2399"]
[BlackElo "2153"]
[PlyCount "93"]
[EventDate "2012.08.25"]

1. d4 Nf6 2. c4 c5 3. d5 e5 4. Nc3 d6 5. e4 Be7 6. g3 Bg4 7. f3 Bh5 8. Bg2 Nbd7
9. Nge2 a6 10. O-O O-O 11. Be3 Rb8 12. Qd3 Ne8 13. Bh3 g5 14. Bd2 Ng7 15. Nd1
b5 16. b3 bxc4 17. Qxc4 Ra8 18. Ne3 Qc7 19. Qd3 f6 20. Nc4 Bg6 21. Bxd7 Qxd7
22. Nb6 Qh3 23. Nxa8 Rxa8 24. b4 cxb4 25. Bxb4 f5 26. Nc3 h5 27. Qe2 fxe4 28.
fxe4 h4 29. Qg2 Qg4 30. Rae1 Nh5 31. Qf3 Qd7 32. Nd1 Rf8 33. Qd3 Rxf1+ 34. Rxf1
hxg3 35. hxg3 Qg4 36. Nf2 Nf4 37. Qe3 Nh3+ 38. Nxh3 Qxh3 39. Bd2 Qg4 40. Re1
Bd8 41. Kg2 Qd7 42. Qe2 Qa4 43. Qg4 Kh8 44. Qc8 Bxe4+ 45. Kh2 Qd4 46. Qxd8+ Kh7
47. Qe7+ 1-0

[Event "M.Botvinnik Memorial 2012"]
[Site "St. Petersburg, Russia"]
[Date "2012.08.30"]
[Round "6.54"]
[White "Matsenko, Andrei"]
[Black "Ulanov, Alexandr"]
[Result "0-1"]
[WhiteElo "2188"]
[BlackElo "2398"]
[PlyCount "124"]
[EventDate "2012.08.25"]

1. e4 c6 2. d4 d5 3. e5 Na6 4. f4 Bf5 5. Bd3 Bxd3 6. Qxd3 c5 7. Nf3 e6 8. c3
Nh6 9. O-O Be7 10. a3 f5 11. exf6 gxf6 12. Qe2 Nc7 13. Nh4 f5 14. Nf3 Nf7 15.
dxc5 Bxc5+ 16. Be3 Bxe3+ 17. Qxe3 O-O 18. Nd4 Qf6 19. Nd2 Nd6 20. Rac1 Rad8 21.
c4 dxc4 22. Nxc4 Ne4 23. Nf3 Nd5 24. Qxa7 Nxf4 25. Rc2 Rc8 26. Nfe5 b5 27. Rxf4
bxc4 28. Nxc4 Rc5 29. Ne3 Rxc2 30. Nxc2 Qxb2 31. Qc7 Rf7 32. Qd8+ Rf8 33. Qc7
Qc1+ 34. Rf1 Qd2 35. Qc4 Kg7 36. h3 Qc3 37. Qxc3+ Nxc3 38. Nd4 Kf6 39. Rf3 Rc8
40. Kf2 Ne4+ 41. Ke2 Rg8 42. g4 Ke5 43. Ke3 Rc8 44. Ne2 Ra8 45. Nf4 Rxa3+ 46.
Nd3+ Kf6 47. gxf5 exf5 48. Kd4 Ng5 49. Rg3 h5 50. h4 Ne6+ 51. Kc4 Ra4+ 52. Nb4
f4 53. Rg1 Kf5 54. Kb3 Ra7 55. Kc3 Ra3+ 56. Kd2 Rh3 57. Nd5 Rxh4 58. Ne7+ Kf6
59. Ng8+ Ke5 60. Re1+ Kd6 61. Ke2 Ng5 62. Kf2 Rh2+ 0-1

[Event "M.Botvinnik Memorial 2012"]
[Site "St. Petersburg, Russia"]
[Date "2012.08.30"]
[Round "6.55"]
[White "Balaian, Alina"]
[Black "Solovjov, Sergey I"]
[Result "0-1"]
[WhiteElo "2179"]
[BlackElo "2365"]
[PlyCount "86"]
[EventDate "2012.08.25"]

1. d4 Nf6 2. Nf3 g6 3. Bg5 Bg7 4. Nbd2 O-O 5. c3 h6 6. Bh4 d6 7. e3 Nc6 8. Be2
e5 9. h3 g5 10. Bg3 Qe7 11. Nh2 Bf5 12. O-O Bg6 13. h4 Ne4 14. Nxe4 gxh4 15.
Bxh4 Qxh4 16. Ng3 f5 17. Qb3+ Kh8 18. Qxb7 Ne7 19. Qxc7 f4 20. exf4 exf4 21.
Nh1 Nf5 22. Rfe1 Rab8 23. b3 Rbc8 24. Qa5 Ng3 25. fxg3 fxg3 26. Nxg3 Qxg3 27.
Bf3 Rf5 28. Qxa7 Rxc3 29. Rf1 Rd3 30. Qa6 Bxd4+ 31. Kh1 Be5 32. Qc8+ Kg7 33.
Qd7+ Bf7 34. Ng4 Rh5+ 35. Kg1 Bd4+ 36. Rf2 Rxf3 37. Raf1 Rf4 38. Qxd6 Rxg4 39.
Qxd4+ Rxd4 40. Rxf7+ Kg6 41. R1f6+ Kg5 42. Rf5+ Kg4 43. Rg7+ Rg5 0-1

[Event "M.Botvinnik Memorial 2012"]
[Site "St. Petersburg, Russia"]
[Date "2012.08.30"]
[Round "6.56"]
[White "Usmanov, Vasily"]
[Black "Pen, Pyotr"]
[Result "1/2-1/2"]
[WhiteElo "2333"]
[BlackElo "2138"]
[PlyCount "149"]
[EventDate "2012.08.25"]

1. c4 Nf6 2. d4 g6 3. Nc3 Bg7 4. e4 d6 5. Be2 O-O 6. Bg5 c5 7. d5 e6 8. Qd2
exd5 9. exd5 a6 10. Nf3 Bg4 11. O-O Re8 12. h3 Bxf3 13. Bxf3 Nbd7 14. a4 Qa5
15. Qf4 Re5 16. Qg3 Qb4 17. Bf4 Qxb2 18. Bxe5 Nxe5 19. Be2 Nh5 20. Bxh5 Nxc4
21. Be2 Nd2 22. Rfc1 Re8 23. Bf1 Be5 24. Qd3 Nb3 25. Rcb1 Qxc3 26. Qxc3 Bxc3
27. Ra3 Nd2 28. Rxb7 Bd4 29. Ra2 Ne4 30. Bxa6 Nc3 31. Rc2 Nxa4 32. Rb3 Re1+ 33.
Kh2 Kg7 34. g3 h5 35. Bb7 h4 36. Rc4 hxg3+ 37. Kxg3 Re4 38. Kg2 Rf4 39. Rxa4
Rxf2+ 40. Kg3 Rd2 41. Ba6 Be5+ 42. Kf3 Rxd5 43. Bc4 Rd4 44. Rd3 Rf4+ 45. Kg2 f6
46. Ra7+ Kh6 47. Bg8 Rb4 48. h4 Kh5 49. Rh7+ Kg4 50. Bb3 c4 51. Bd1+ Kf5 52.
Rf3+ Ke6 53. Bc2 c3 54. Kh3 g5 55. hxg5 fxg5 56. Rh6+ Kd5 57. Rg6 Rh4+ 58. Kg2
Rh2+ 59. Kf1 Rxc2 60. Rxg5 Ke4 61. Rh3 Bf4 62. Rg4 Kf5 63. Rg8 Be5 64. Ke1 Ke4
65. Rg4+ Kd5 66. Rd3+ Kc5 67. Re4 Rh2 68. Rxe5+ dxe5 69. Rxc3+ Kd4 70. Ra3 Rb2
71. Rh3 e4 72. Ra3 Rc2 73. Kd1 Rg2 74. Ke1 e3 75. Ra8 1/2-1/2

[Event "M.Botvinnik Memorial 2012"]
[Site "St. Petersburg, Russia"]
[Date "2012.08.30"]
[Round "6.57"]
[White "Manin, Viktor"]
[Black "Biriukov, Oleg V"]
[Result "0-1"]
[WhiteElo "2181"]
[BlackElo "2332"]
[PlyCount "120"]
[EventDate "2012.08.25"]

1. d4 Nf6 2. g3 d5 3. c4 c6 4. Qc2 dxc4 5. Qxc4 Qd5 6. Qxd5 cxd5 7. Nc3 Nc6 8.
Bf4 Bf5 9. Nf3 e6 10. Bg2 Ne4 11. O-O Nxc3 12. bxc3 Be7 13. c4 Be4 14. cxd5
exd5 15. Rfd1 f6 16. Bh3 Ba3 17. Bc1 Bd6 18. Ne1 Kf7 19. Bb2 Ne7 20. f3 Bf5 21.
Bg2 Rac8 22. h3 Bxg3 23. e4 Be6 24. Nd3 b6 25. a4 a5 26. Ba3 Rc4 27. Rab1 Rb8
28. Nb2 Rc3 29. Rd3 Rbc8 30. Bf1 Rc2 31. Nd1 Bh2+ 32. Kh1 dxe4 33. fxe4 Bc4 34.
Rf3 Bxf1 35. Rxf1 Bc7 36. Bxe7 Kxe7 37. Rf3 Bd8 38. Ne3 Rc1+ 39. Rf1 Rxf1+ 40.
Rxf1 Kd7 41. h4 Rc3 42. Re1 Ra3 43. h5 g6 44. h6 Rxa4 45. Rd1 Ra2 46. Nd5 Re2
47. e5 fxe5 48. dxe5 Rxe5 49. Nxb6+ Ke8 50. Nc4 Rh5+ 51. Kg2 Bc7 52. Ne3 Rh2+
53. Kf3 Rxh6 54. Ng4 Rh3+ 55. Ke4 Bd8 56. Ke5 h5 57. Nf2 Re3+ 58. Ne4 a4 59.
Rd4 a3 60. Ra4 Kf7 0-1

[Event "M.Botvinnik Memorial 2012"]
[Site "St. Petersburg, Russia"]
[Date "2012.08.30"]
[Round "6.58"]
[White "Pischikov, Vadim"]
[Black "Donskov, Anatoly"]
[Result "0-1"]
[WhiteElo "2158"]
[BlackElo "2328"]
[PlyCount "62"]
[EventDate "2012.08.25"]

1. d4 Nf6 2. c4 e6 3. g3 c5 4. d5 exd5 5. cxd5 d6 6. Bg2 g6 7. e4 Bg7 8. Nc3
O-O 9. Nf3 Re8 10. Nd2 a6 11. a4 Nbd7 12. O-O Nh5 13. f4 Ndf6 14. Bf3 Bh3 15.
Re1 c4 16. Nxc4 Rc8 17. Nd2 Qb6+ 18. Kh1 Qf2 19. Rg1 Nd7 20. e5 dxe5 21. Nde4
Qd4 22. Bxh5 gxh5 23. Qxh5 exf4 24. Nd6 Nf6 25. Qxh3 Rxc3 26. Bxf4 Ng4 27. Qh5
Re2 28. Rg2 Nf2+ 29. Kg1 Nd1+ 30. Kf1 Rf2+ 31. Ke1 Re3+ 0-1